| 000 | 01092nam a22002657a 4500 | ||
|---|---|---|---|
| 005 | 20240530110513.0 | ||
| 008 | 151216s2013 ua g b 000 0 ara d | ||
| 017 |
_a2012/8026 _bمصر . دار الكتب المصرية |
||
| 020 | _a9789773279602 | ||
| 040 | _aEG-CaGPL | ||
| 082 | 0 | 4 |
_221 _a907\ _bأ ظ |
| 100 | 0 | _aالسيد فتحى الويشى | |
| 245 | 1 | 2 |
_aالظاهرة الاستشراقية و اثرها فى المناهج الدراسية : _bمناهج التاريخ و الحضارة الاسلامية / _cالسيد فتحى الويشى |
| 250 | _aط1 | ||
| 260 |
_aالاسكندرية : _bدار الوفاء لدنيا الطباعة و النشر ، _c2013 . |
||
| 300 |
_a183 ص ؛ _c24 سم . |
||
| 504 | _aيشتمل على ارجاعات ببليوجرافية | ||
| 650 | 0 | 4 | _aالاستشراق و المستشرقون |
| 650 | 0 | 4 |
_aالتاريخ _xتدوين |
| 650 | 0 | 4 |
_aالتاريخ _xفلسفة |
| 650 | 0 | 4 | _aالتاريخ |
| 650 | 0 | 4 | _aالمادة التاريخية |
| 942 |
_2ddc _cBK |
||
| 999 |
_c61718 _d61718 |
||